| 000 | 00575nam a2200181Ia 4500 | ||
|---|---|---|---|
| 008 | 090123s9999 xx 000 0 und d | ||
| 082 | _b29614 | ||
| 100 | _aपचिंद्रे श्रीराम ग. | ||
| 245 | _aसूर्यपंख | ||
| 250 | _a1 | ||
| 260 | _bराजश्री प्रकाशन | ||
| 300 | _a67 | ||
| 600 | _aपचिंद्रे श्रीराम ग. | ||
| 630 | _aसूर्यपंख | ||
| 700 | _aपचिंद्रे श्रीराम ग. | ||
| 730 | _aसूर्यपंख | ||
| 942 | _cBOOK | ||
| 999 |
_c68482 _d68482 |
||